| 000 | 00799nam a22002177a 4500 | ||
|---|---|---|---|
| 003 | DO-SdBNP | ||
| 005 | 20171124104137.0 | ||
| 008 | 171123b 2001 sp a ||||| |||| 00| 0 spa d | ||
| 020 | _a843693430X | ||
| 040 |
_aBPMSU _bspa _cBPMSU |
||
| 092 |
_axxxx _bxxxx |
||
| 245 | 0 | 0 |
_aDinero exótico : _buna nueva colección del Museo Arqueológico Nacional / _c textos Carmen Alfaro Asins... [et al.]. |
| 260 |
_aMadrid : _bSecretaría de Estado de Cultura , _c2001. |
||
| 300 |
_a95 p. : _bil. ; _c20 cm. |
||
| 500 | _aCatálogo de la exposición celebrada en el Museo Arqueológico Nacional, febrero-abril 2001 | ||
| 504 | _aBibliografía : p. 94-95 | ||
| 700 | 1 | _aAlfaro Asíns, Carmen | |
| 942 |
_2ddc _cBK |
||
| 945 | _aInventario / 2017 LP | ||
| 956 |
_aLOPEREZ _b10 _c20171123 _h0041 _iBPMSU |
||
| 999 |
_c13047 _d13047 |
||